Central Library OPAC University of Rajshahi

What's wrong with British industry? / (Record no. 45118)

MARC details
000 -LEADER
fixed length control field 00701nam a2200241 a 4500
001 - CONTROL NUMBER
control field 45118
003 - CONTROL NUMBER IDENTIFIER
rucl marc code BD-RjUL
005 - DATE AND TIME OF LATEST TRANSACTION
control field 20211209053951.0
008 - FIXED-LENGTH DATA ELEMENTS--GENERAL INFORMATION
fixed length control field 160723s1964 mdu 001 0 eng d
035 ## - SYSTEM CONTROL NUMBER
System control number (BD-RjUL)45236
040 ## - CATALOGING SOURCE
Original cataloging agency DLC
Transcribing agency ABC
Modifying agency ABC
-- UKM
-- EQO
-- BD-RjUL
Language of cataloging eng
041 ## - LANGUAGE CODE
Language code of text/sound track or separate title eng
082 ## - DEWEY DECIMAL CLASSIFICATION NUMBER
Classification number 338.0942
Edition number 23
Author mark and year MAW 1964
100 1# - MAIN ENTRY--PERSONAL NAME
Personal name Malik, Rex.
9 (RLIN) 138209
245 10 - TITLE STATEMENT
Title What's wrong with British industry? /
Statement of responsibility, etc. Rex Malik
260 ## - PUBLICATION, DISTRIBUTION, ETC. (IMPRINT)
Place of publication, distribution, etc. Baltimore :
Name of publisher, distributor, etc. Penguin Books,
Date of publication, distribution, etc. c1964.
300 ## - PHYSICAL DESCRIPTION
Pagination 131 p. ;
Size 18 cm.
490 1# - SERIES STATEMENT
Series statement Penguin special ;
Volume/sequential designation S221
504 ## - BIBLIOGRAPHY, ETC. NOTE
Bibliography, etc Includes index.
650 #0 - SUBJECT ADDED ENTRY--TOPICAL TERM
Topical term or geographic name as entry element Industries
Geographic subdivision Great Britain.
9 (RLIN) 138210
830 #0 - SERIES ADDED ENTRY--UNIFORM TITLE
Uniform title Penguin special ;
Volume number/sequential designation S221.
942 ## - ADDED ENTRY ELEMENTS (KOHA)
Source of classification or shelving scheme Dewey Decimal Classification
Koha item type Books
Holdings
Lost status Source of classification or shelving scheme Damaged status Not for loan Collection code Permanent Location Current Location Shelving location Date acquired Source of acquisition Cost, normal purchase price Total Checkouts Full call number Date last seen Copy number Koha item type
  Dewey Decimal Classification   Not For Loan Non-fiction Central Library, University of Rajshahi Central Library, University of Rajshahi Reading Room 23/05/1967 Mahaboob Books 3.50   338.0942 MAW 1964 23/07/2016 C-1 Books